[Event "12th KIIT International 2019"]
[Site "Odisha"]
[Date "2019.05.31"]
[Round "1"]
[White "Rakesh Kumar Jena"]
[Black "Lakshmi C"]
[Result "1/2-1/2"]
[WhiteElo "2411"]
[BlackElo "1786"]
[Annotator "ChessBase"]
[PlyCount "66"]
[EventDate "2019.05.31"]
[EventType "swiss"]
[EventCountry "IND"]
[SourceTitle "playchess.com"]
[Source "ChessBase"]
[SourceQuality "1"]
[TimeControl "40/5400+30:1800+30"]

1. Nf3 {[%emt 0:00:00]} Nf6 {[%emt 0:00:00]} 2. d4 {[%emt 0:00:00]} e6 {[%emt 0:00:00]} 3. Bf4 {[%emt 0:00:00]} d5 {[%emt 0:01:02]} 4. e3 {[%emt 0:00:04]} Bd6 {[%emt 0:01:08]} 5. Bg3 {[%emt 0:00:16]} O-O {[%emt 0:02:38]} 6. Nbd2 {[%emt 0:00:08]} c5 {[%emt 0:02:42]} 7. c3 {[%emt 0:00:08]} Nc6 {[%emt 0:00:44]} 8. Bb5 {[%emt 0:00:09]} a6 {[%emt 0:07:31]} 9. Bxc6 {[%emt 0:00:21]} bxc6 {[%emt 0:00:15]} 10. Qa4 {[%emt 0:00:08]} Bb7 {[%emt 0:10:01]} 11. Qa3 {[%emt 0:01:09]} Bxg3 {[%emt 0:03:28]} 12. hxg3 {[%emt 0:00:41]} c4 {[%emt 0:00:06]} 13. Qa4 {[%emt 0:00:36]} Nd7 {[%emt 0:01:32]} 14. Qc2 {[%emt 0:01:17]} f5 {[%emt 0:00:58]} 15. g4 {[%emt 0:00:36]} Qf6 {[%emt 0:02:55]} 16. g5 {[%emt 0:02:18]} Qf7 {[%emt 0:00:36]} 17. O-O-O {[%emt 0:00:22]} g6 {[%emt 0:02:31]} 18. Rh6 {[%emt 0:02:28]} Qe7 {[%emt 0:00:21]} 19. Rdh1 {[%emt 0:01:57]} Rf7 {[%emt 0:01:16]} 20. Qa4 {[%emt 0:04:21]} a5 {[%emt 0:06:43]} 21. R6h4 {[%emt 0:14:12]} Rg7 {[%emt 0:16:46]} 22. g4 {[%emt 0:04:28]} Qd6 {[%emt 0:10:33]} 23. gxf5 {[%emt 0:02:30]} exf5 {[%emt 0:02:12]} 24. Nf1 {[%emt 0:04:56]} Nb6 {[%emt 0:03:55]} 25. Qc2 {[%emt 0:02:09]} Ba6 {[%emt 0:22:37]} 26. Ne5 {[%emt 0:04:21]} Bb5 {[%emt 0:00:00]} 27. Ng3 {[%emt 0:03:19]} Rf8 {[%emt 0:00:00]} 28. f4 {[%emt 0:11:54]} Nd7 {[%emt 0:00:00]} 29. Qh2 {[%emt 0:06:43]} Nxe5 {[%emt 0:00:00]} 30. fxe5 {[%emt 0:00:08]} Qe7 {[%emt 0:00:00]} 31. Ne2 {[%emt 0:02:02]} Ba6 {[%emt 0:00:00]} 32. Nf4 {[%emt 0:00:35]} Bc8 {[%emt 0:00:55]} 33. Qh3 {[%emt 0:08:37]} Rff7 1/2-1/2

[Event "12th KIIT International 2019"]
[Site "Odisha"]
[Date "2019.05.31"]
[Round "1"]
[White "Acosta, Mariano"]
[Black "Burmakin, Vladimir"]
[Result "0-1"]
[WhiteElo "2000"]
[BlackElo "2519"]
[Annotator "TA"]
[PlyCount "66"]
[EventDate "2019.05.31"]
[EventType "swiss"]
[EventCountry "IND"]
[SourceTitle "playchess.com"]
[Source "ChessBase"]
[SourceQuality "1"]

{[%evp 9,66,11,18,14,24,11,19,24,22,14,18,20,19,4,37,34,41,4,10,10,4,6,60,63,48,44,49,59,72,59,53,54,87,82,96,60,45,47,45,-12,2,18,9,0,-9,-69,-37,-100,-96,-111,-114,-143,-138,-143,-141,-233,-235,-301,-277]} 1. Nf3 d5 2. c4 c6 3. g3 Bf5 (3... g6 4. Bg2 Bg7 5. d4 Nf6 6. cxd5 cxd5 7. Ne5 O-O 8. Nc3 e6 9. O-O Nfd7 10. Nf3 Nf6 11. Ne5 Nfd7 12. Nf3 Nf6 13. Ne5 {½-½ (13) Jones,G (2681)-Artemiev,V (2736) Astana 2019}) 4. cxd5 cxd5 5. Qb3 Bc8 6. Bg2 {A11: English Opening: 1...c6} Nc6 7. O-O Nf6 8. d4 $146 {The position is equal.} ({Predecessor:} 8. d3 e6 9. Bg5 Be7 10. Nc3 O-O 11. Rac1 Bd7 {1-0 (29) Tansky,I-Dovzik,J (2360) Gyula 1992}) 8... e6 9. Nc3 Be7 10. Rd1 O-O 11. Bg5 h6 12. Bxf6 Bxf6 13. e3 Be7 14. Rac1 Bd7 15. e4 Na5 (15... Rc8 $11) 16. Qc2 $14 dxe4 17. Qxe4 Qb6 18. Ne5 Be8 19. b3 Bg5 20. Rc2 Rd8 21. d5 Be7 22. dxe6 {[#] Black must now prevent Rxd8.} Rxd1+ 23. Nxd1 Qxe6 24. b4 ({White should play} 24. Ne3 $14) 24... Qd6 (24... Bxb4 {with more complications.} 25. Ne3 Bd6 26. N5c4 Qxe4 27. Bxe4 Nxc4 28. Nxc4 Bc5) 25. Ne3 Qxb4 26. Qxb4 Bxb4 27. Nd3 (27. Bd5 $11) 27... Ba3 28. Rc7 (28. Rc3 $15 Be7 29. Nf5) 28... Bd6 $36 {[%mdl 2048] Keeping White busy.} 29. Rc8 Bd7 30. Rxf8+ Kxf8 31. f4 Bb5 32. Nf5 (32. Bf1 $17) 32... Ba3 $19 ({Weaker is} 32... Bxd3 33. Nxd6 b5 34. Bd5 $15) 33. Ne5 f6 {Accuracy: White = 40%, Black = 67%.} 0-1

[Event "12th KIIT International 2019"]
[Site "Odisha"]
[Date "2019.05.31"]
[Round "1"]
[White "Manthan Kashyap Datta"]
[Black "Iturrizaga Bonelli, Eduardo"]
[Result "0-1"]
[WhiteElo "1837"]
[BlackElo "2637"]
[Annotator "TA"]
[PlyCount "36"]
[EventDate "2019.05.31"]
[EventType "swiss"]
[EventCountry "IND"]
[SourceTitle "playchess.com"]
[Source "ChessBase"]
[SourceQuality "1"]

{[%evp 12,39,62,63,114,98,106,102,103,68,90,72,87,56,75,56,75,70,73,35,68,40,41,0,0,10,816,-471,-454,-1379]} 1. e4 c5 2. Nf3 e6 3. d4 cxd4 4. Nxd4 a6 5. c4 Nf6 6. Nc3 d6 7. Be2 g6 {B41: Sicilian: Kan Variation: 5 c4} (7... Be7 $14) (7... Be7 8. O-O O-O 9. Be3 b6 10. f3 Bb7 11. Qd2 Qc7 12. Rac1 Nbd7 13. Rfd1 Rfc8 14. b4 Rab8 15. a3 Ne5 16. Na4 h6 17. Bf1 Qd8 18. Kh1 Nfd7 19. Qf2 Bh4 20. Qd2 Be7 21. Qf2 {1-0 (44) Karjakin,S (2753)-Yu,Y (2736) Heixiazi 2015}) 8. O-O $16 Bg7 9. Be3 O-O {White is better.} 10. Rc1 b6 11. f3 Bb7 12. Qd2 Nbd7 $146 ({Predecessor:} 12... Re8 13. Nc2 Bf8 14. Rfd1 Nbd7 15. Bf4 Ne5 16. Bxe5 dxe5 17. Qxd8 Raxd8 18. Rxd8 Rxd8 {0-1 (49) Sollars,C-Giardelli,S (2300) Valetta 1980}) 13. Rfd1 Rc8 14. b4 Re8 15. Nb3 d5 16. cxd5 exd5 17. Nxd5 (17. b5 $5 {[%cal Rb5a6]} a5 18. Nd4 $11 (18. Nxd5 Nxd5 19. exd5 Rxc1 $11) (18. exd5 Qe7 $11)) 17... Nxd5 18. exd5 Rxc1 {Played: Rc8-c5} 0-1

[Event "12th KIIT International 2019"]
[Site "Odisha"]
[Date "2019.05.31"]
[Round "1"]
[White "Srivatsan Sekar"]
[Black "Ter-Sahakyan, Samvel"]
[Result "0-1"]
[WhiteElo "1832"]
[BlackElo "2611"]
[Annotator "TA"]
[PlyCount "54"]
[EventDate "2019.05.31"]
[EventType "swiss"]
[EventCountry "IND"]
[SourceTitle "playchess.com"]
[Source "ChessBase"]
[SourceQuality "1"]

{[%evp 16,54,3,6,10,-15,-13,0,-15,-10,-12,-36,-30,-34,-35,-31,-26,-31,-25,-22,-31,-69,-74,-72,-64,-86,-81,-139,-124,-152,-154,-420,-418,-718,-732,-722,-717,-672,-670,-631,-601]} 1. e4 c6 2. d4 d5 3. Nc3 dxe4 4. Nxe4 Nf6 5. Nxf6+ exf6 6. Nf3 Bd6 7. Bd3 ({Predecessor:} 7. c3 O-O 8. Bd3 Re8+ 9. Be3 Bg4 10. O-O {0-1 (22) Prie,E (1528)-Harris,R (1557) FICGS email 2011}) 7... O-O 8. O-O Bg4 9. c3 Nd7 $146 {B15: Caro-Kann: 3 Nc3: 3...g6 and 3...dxe4 4 Nxe4 Nf6 5 Nxf6+ exf6} (9... Re8 10. h3 Bh5 11. Bf5 Nd7 12. Qd3 Bg6 13. Nh4 Bc7 14. Qf3 Nb6 15. g3 Bxf5 16. Nxf5 Qd5 17. Kg2 {½-½ (35) Perez Candelario,M (2569)-Romero Holmes,A (2451) Linares 2015}) 10. Be3 Re8 11. h3 Bh5 {The position is equal.} 12. g4 Bg6 13. Nh4 Bxd3 14. Qxd3 g6 15. Ng2 {[#]} Nc5 $1 {[%mdl 512]} 16. Qc2 ({Don't go for} 16. dxc5 $2 Bh2+ 17. Kxh2 Qxd3 $19) 16... Ne4 17. Rfe1 Qd7 18. f3 Ng5 $36 {[%mdl 2048] White is under strong pressure.} 19. Bxg5 fxg5 20. Rxe8+ Rxe8 21. Qd2 (21. Qf2 $142) 21... Bg3 $17 22. Qxg5 Re2 23. Rb1 $2 (23. Nf4 $17 {was the only defense.} Rxb2 24. Nh5) 23... Qe6 $19 24. Qc1 {[#]} (24. Qd8+ $142 Kg7 25. Rf1) 24... Qd5 $1 {[%mdl 512] Black is clearly winning.} 25. Qf1 Bf2+ 26. Qxf2 Rxf2 27. Kxf2 Qxa2 {Accuracy: White = 27%, Black = 76%.} 0-1

[Event "12th KIIT International 2019"]
[Site "Odisha"]
[Date "2019.05.31"]
[Round "1"]
[White "Rupam Mukherjee"]
[Black "Petrosyan, Manuel"]
[Result "0-1"]
[WhiteElo "1828"]
[BlackElo "2573"]
[Annotator "TA"]
[PlyCount "113"]
[EventDate "2019.05.31"]
[EventType "swiss"]
[EventCountry "IND"]
[SourceTitle "playchess.com"]
[Source "ChessBase"]
[SourceQuality "1"]

{[%evp 10,113,25,21,23,18,29,27,27,23,45,43,33,24,19,16,24,17,22,0,0,0,0,0,1,-13,22,20,18,29,20,15,32,14,32,0,0,0,0,0,0,0,43,39,56,65,63,61,54,55,61,0,0,0,0,0,0,0,0,0,0,0,0,0,0,0,0,0,0,-8,-7,-7,-6,-18,-18,-15,0,-7,0,0,0,-6,-6,-9,0,-9,-9,-9,-9,-9,-9,-9,-9,-10,-10,-114,-114,-114,-116,-116,-116,-116,-109,-109,-108,-108]} 1. d4 Nf6 2. Nf3 e6 3. c4 Bb4+ 4. Bd2 a5 5. a3 Bxd2+ 6. Qxd2 b6 {E11: Bogo-Indian} 7. Nc3 Bb7 8. e3 (8. g3 O-O 9. Bg2 Ne4 10. Nxe4 Bxe4 11. O-O a4 12. Qe3 Bb7 13. Qd3 f5 14. Ne5 Bxg2 15. Kxg2 {0-1 (38) So,W (2822)-Carlsen,M (2838) chess.com INT 2017}) 8... d6 {White has an edge.} 9. Bd3 Nbd7 10. e4 e5 11. d5 Nc5 {White should prevent ...Nb3.} 12. Bc2 a4 13. O-O O-O 14. Ne1 $146 ({Predecessor:} 14. Qd1 Bc8 15. Nd2 {½-½ (15) Milekic,D (2281)-Knezevic,M (2155) Belgrade 2017}) 14... Ba6 15. Qe2 Qe8 16. g3 Rb8 17. Rb1 b5 18. Nd3 Nxd3 $1 19. Bxd3 {[%cal Rc4b5]} b4 20. Na2 {[%cal Bc3a2,Ba2b4,Bb4d3][%mdl 32]} bxa3 21. bxa3 Nd7 22. Rxb8 (22. Rb4 {is interesting.} Nc5 23. Bc2 Ra8 24. Nc1 Bc8 25. Nd3) 22... Qxb8 23. Rb1 Qa8 24. Nb4 Nc5 25. Bc2 Bc8 26. Nd3 Nb3 27. Bxb3 axb3 28. Rxb3 Qa4 29. Rc3 f5 30. f3 (30. exf5 $14 Bxf5 31. Nb4) 30... fxe4 $11 31. fxe4 Qa5 32. Rb3 Bh3 {[#] ( -> ...Qd2!)} 33. Nf2 Qc5 34. Re3 Bc8 35. Rf3 Rxf3 36. Qxf3 Qxc4 37. Qd3 (37. h4 {is more complex.} h6 38. Kg2 Ba6 39. Qf5 Qc1 40. Qe6+) 37... Qc5 38. Kg2 Bd7 39. Qb1 Qa7 40. Qc1 h6 41. h4 Qb7 42. Qc4 Kh7 43. Qe2 Qb1 44. Qf3 Kg8 45. Qc3 Qb6 46. Qf3 Qc5 47. g4 Qc1 48. Qg3 Bb5 49. Qf3 Qf1+ 50. Kg3 Qg1+ 51. Qg2 Qe1 52. Qf3 {[#]} (52. Qh1 $11 {keeps the balance.} Bf1 53. h5) 52... Be2 $1 $36 {[%cal Re2f3][%mdl 2048] Black is better. Black is in control.} 53. Qg2 Qc3+ 54. Kh2 Qxa3 {Strongly threatening ...Bf3.} 55. g5 {White wants to mate with gxh6.} hxg5 56. Qxg5 Qf3 57. Qg3 {Accuracy: White = 53%, Black = 72%.} 0-1

[Event "12th KIIT International 2019"]
[Site "Odisha"]
[Date "2019.05.31"]
[Round "1"]
[White "Bhagyashree Patil"]
[Black "Vasquez Schroeder, Rodrigo"]
[Result "0-1"]
[WhiteElo "1812"]
[BlackElo "2476"]
[Annotator "ChessBase"]
[PlyCount "78"]
[EventDate "2019.05.31"]
[EventType "swiss"]
[EventCountry "IND"]
[SourceTitle "playchess.com"]
[Source "ChessBase"]
[SourceQuality "1"]
[TimeControl "40/5400+30:1800+30"]

1. e4 {[%emt 0:00:00]} c5 {[%emt 0:00:00]} 2. Nf3 {[%emt 0:00:00]} d6 {[%emt 0:00:00]} 3. d4 {[%emt 0:00:00]} cxd4 {[%emt 0:00:00]} 4. Nxd4 {[%emt 0:00:00]} Nf6 {[%emt 0:00:04]} 5. Nc3 {[%emt 0:00:00]} a6 {[%emt 0:00:05]} 6. Be3 {[%emt 0:00:04]} e6 {[%emt 0:00:32]} 7. Be2 {[%emt 0:01:46]} Be7 {[%emt 0:00:45]} 8. O-O {[%emt 0:01:17]} O-O {[%emt 0:00:05]} 9. f4 {[%emt 0:13:31]} Qc7 {[%emt 0:00:04]} 10. Bf3 {[%emt 0:01:06]} Nc6 {[%emt 0:00:06]} 11. Be2 {[%emt 0:00:00]} Nb8 {[%emt 0:00:54]} 12. Bf3 {[%emt 0:01:00]} Nc6 {[%emt 0:00:06]} 13. Be2 {[%emt 0:00:00]} Nb8 {[%emt 0:00:54]} 14. Bf3 {[%emt 0:01:00]} Nc6 {[%emt 0:00:06]} 15. Be2 {[%emt 0:00:00]} Nb8 {[%emt 0:00:54]} 16. Bf3 {[%emt 0:01:00]} Nc6 {[%emt 0:00:06]} 17. Kh1 Re8 {[%emt 0:00:28]} 18. Kg1 {[%emt 0:01:00]} Rf8 {[%emt 0:00:32]} 19. Kh1 {[%emt 0:14:29]} Re8 {[%emt 0:00:28]} 20. Kg1 {[%emt 0:00:00]} Rf8 {[%emt 0:00:32]} 21. Kh1 {[%emt 0:01:00]} Re8 22. Nce2 {[%emt 0:07:09]} Bd7 {[%emt 0:04:31]} 23. Nc3 {[%emt 0:00:00]} Bc8 24. Nce2 {[%emt 0:01:00]} Bd7 {[%emt 0:01:00]} 25. Nc3 {[%emt 0:00:00]} Bc8 26. Nce2 {[%emt 0:01:00]} Bd7 {[%emt 0:01:00]} 27. c4 {[%emt 0:57:08]} Rac8 {[%emt 0:01:02]} 28. b3 {[%emt 0:00:00]} Qb8 {[%emt 0:01:52]} 29. Qd2 {[%emt 0:00:00]} Red8 {[%emt 0:00:19]} 30. Rfd1 {[%emt 0:00:00]} Be8 {[%emt 0:00:11]} 31. Rf1 {[%emt 0:00:00]} Bd7 {[%emt 0:00:49]} 32. Rfd1 {[%emt 0:00:00]} Be8 {[%emt 0:00:11]} 33. Rf1 {[%emt 0:00:00]} Bd7 {[%emt 0:00:49]} 34. Rfd1 {[%emt 0:00:00]} Be8 {[%emt 0:00:11]} 35. Qe1 {[%emt 0:00:00]} b5 {[%emt 0:02:23]} 36. cxb5 {[%emt 0:00:00]} axb5 {[%emt 0:00:16]} 37. a4 {[%emt 0:00:00]} Nxd4 {[%emt 0:01:43]} 38. Nxd4 {[%emt 0:00:00]} d5 {[%emt 0:07:29]} 39. Ne2 {[%emt 0:00:00]} Nxe4 {[%emt 0:00:15]} 0-1

[Event "12th KIIT International 2019"]
[Site "Odisha"]
[Date "2019.05.31"]
[Round "1"]
[White "Aditya Bikram Paul"]
[Black "Kostenko, Petr"]
[Result "0-1"]
[WhiteElo "1807"]
[BlackElo "2450"]
[Annotator "ChessBase"]
[PlyCount "278"]
[EventDate "2019.05.31"]
[EventType "swiss"]
[EventCountry "IND"]
[SourceTitle "playchess.com"]
[Source "ChessBase"]
[SourceQuality "1"]
[TimeControl "40/5400+30:1800+30"]

1. c4 f5 2. g3 Nf6 3. Bg2 e6 4. Nf3 Be7 5. O-O O-O 6. d4 d5 7. Nc3 {[%emt 0:03:00]} c6 {[%emt 0:06:29]} 8. Ne5 {[%emt 0:00:30]} Nbd7 9. cxd5 exd5 10. Nd3 Ne4 11. f3 Nd6 12. Bf4 Nf6 13. b3 {[%emt 1:33:00]} Nf7 {[%emt 1:30:01]} 14. Qd2 {[%emt 0:00:30]} Nh5 {[%emt 0:00:30]} 15. Qd1 {[%emt 0:00:30]} Nf6 16. Qd2 Nh5 17. Be3 {[%emt 0:01:00]} Nd6 {[%emt 0:01:30]} 18. Bf4 {[%emt 0:00:30]} Nf7 19. Be3 Nd6 20. Bf2 {[%emt 0:01:00]} Nf6 {[%emt 0:01:30]} 21. Be3 Nh5 22. Bf2 Nf6 {[%emt 0:01:00]} 23. Be3 Nh5 24. Bf2 Nf6 {[%emt 0:01:00]} 25. Be3 Nh5 26. Bf2 Nf6 27. Ne5 {[%emt 0:03:30]} Be6 {[%emt 0:01:30]} 28. Rac1 {[%emt 0:00:30]} Qe8 {[%emt 0:00:30]} 29. Na4 {[%emt 0:00:30]} Rd8 {[%emt 0:00:30]} 30. Nc5 {[%emt 0:00:30]} Bc8 {[%emt 0:00:30]} 31. Na4 {[%emt 0:00:30]} Be6 32. Nc5 Bc8 33. a4 Kh8 {[%emt 0:01:30]} 34. Ncd3 Rg8 {[%emt 0:00:30]} 35. Nc5 {[%emt 0:02:00]} Rf8 36. Ncd3 Rg8 37. Qa5 {[%emt 0:01:00]} Nf7 {[%emt 0:01:30]} 38. Qd2 Nd6 39. Qa5 a6 40. Qd2 Nf7 {[%emt 0:01:30]} 41. Nc5 Nd6 42. Ncd3 g5 43. Qb2 {[%emt 0:33:00]} Rg7 {[%emt 0:31:30]} 44. Be1 {[%emt 0:00:30]} Qh5 {[%emt 0:00:30]} 45. h3 {[%emt 0:00:30]} Rdg8 46. Bb4 {[%emt 0:00:30]} Rd8 {[%emt 0:01:00]} 47. Be1 Rdg8 48. Bb4 Rd8 {[%emt 0:01:00]} 49. Be1 Rdg8 50. Bb4 Rd8 {[%emt 0:01:00]} 51. Be1 Rdg8 52. Bb4 Qe8 {[%emt 0:01:00]} 53. Kh2 {[%emt 0:03:30]} h5 {[%emt 0:00:30]} 54. Bd2 {[%emt 0:00:30]} Bd8 {[%emt 0:00:30]} 55. Bb4 {[%emt 0:00:30]} Be7 56. Bd2 Bd8 57. Rce1 {[%emt 0:01:00]} Bc7 {[%emt 0:01:30]} 58. Nc5 {[%emt 0:00:30]} Bd8 {[%emt 0:00:30]} 59. Ncd3 Bc7 60. Nc5 Bd8 {[%emt 0:01:00]} 61. Ncd3 Bc7 62. Nc5 Bd8 {[%emt 0:01:00]} 63. Ncd3 Bc7 64. Nc5 Bd8 {[%emt 0:01:00]} 65. Ncd3 Bc7 66. Nc5 Bd8 {[%emt 0:01:00]} 67. Ncd3 Bc7 68. Nc5 Nf7 69. e4 {[%emt 0:05:30]} h4 {[%emt 0:01:30]} 70. exf5 {[%emt 0:00:30]} hxg3+ {[%emt 0:00:30]} 71. Kg1 {[%emt 0:00:30]} Bxf5 {[%emt 0:00:30]} 72. Ng4 {[%emt 0:00:30]} Qd8 {[%emt 0:00:30]} 73. Nxb7 {[%emt 0:00:30]} Qc8 74. Nxf6 Qxb7 75. Nxg8 {[%emt 0:01:00]} Kxg8 76. Re8+ Kh7 77. Ree1 {[%emt 0:01:00]} Kg8 78. Re8+ Kh7 79. Rfe1 {[%emt 0:01:00] Kh8 Rf1+ Kh7 Rfe1} Bd6 80. Rf1 {[%emt 0:00:30]} Bc7 81. Rfe1 Bd6 82. Rf1 {[%emt 0:01:00]} Bc7 83. Rfe1 Bd6 84. Rf1 {[%emt 0:01:00]} Bc7 85. Rfe1 Bd6 86. Qc3 Bc7 {[%emt 0:07:00]} 87. Qb2 Bd6 88. Qc3 Bc7 {[%emt 0:01:00]} 89. Qb2 Bd6 90. Qc3 Rg6 91. Bf1 Rg7 {[%emt 0:01:30]} 92. Bg2 Rg6 93. Bf1 Rg7 {[%emt 0:01:00]} 94. Bg2 Rg6 95. Bf1 Rg7 {[%emt 0:01:00]} 96. Bg2 Rg6 97. Bf1 Nh6 {[%emt 0:01:00]} 98. Bg2 Nf7 99. Bf1 Nh6 100. Bd3 {[%emt 0:08:00]} Nf7 101. Bf1 Nh6 102. Bd3 Qf7 {[%emt 0:02:30]} 103. Bf1 {[%emt 0:01:30]} Qb7 104. Bd3 Qf7 105. Qc2 Qb7 {[%emt 0:01:30]} 106. Qc3 Qf7 107. Qc2 Kg7 {[%emt 0:01:00]} 108. Qc3 {[%emt 0:02:30]} Kh7 109. Qc2 Kg7 110. R8e5 {[%emt 0:01:00]} Kh7 {[%emt 0:01:30]} 111. Re8 Kg7 112. R8e5 Bxe5 113. Rxe5 {[%emt 0:01:30]} Bxd3 114. Qxd3 Qd7 115. Kg2 Nf7 116. Re1 Rh6 117. Rh1 Re6 118. Re1 Rg6 {[%emt 0:04:00]} 119. Rh1 Re6 120. Re1 Nd6 121. Rh1 {[%emt 0:04:00]} Nf7 122. Re1 Nd6 123. Re5 Rxe5 124. dxe5 Nf7 125. f4 gxf4 126. Bxf4 Qe6 127. Qxg3+ Kf8 {[%emt 0:04:30]} 128. h4 Qf5 129. Qf3 Qe6 {[%emt 0:01:00]} 130. Qg3 Qf5 131. Qf3 Ke7 132. h5 Nxe5 133. Bxe5 Qxe5 {[%emt 0:02:00]} 134. Kh3 a5 135. Kh4 Qf6+ 136. Kh3 {[%emt 0:07:30]} Qe5 137. Kh4 Qf6+ 138. Kh3 {[%emt 0:01:00]} Qe5 139. Kh4 Qf6+ 0-1

[Event "12th KIIT International 2019"]
[Site "Odisha"]
[Date "2019.05.31"]
[Round "1"]
[White "Atri Chattopadhyay"]
[Black "Lugovskoy, Maxim"]
[Result "0-1"]
[WhiteElo "1801"]
[BlackElo "2445"]
[Annotator "ChessBase"]
[PlyCount "64"]
[EventDate "2019.05.31"]
[EventType "swiss"]
[EventCountry "IND"]
[SourceTitle "playchess.com"]
[Source "ChessBase"]
[SourceQuality "1"]
[TimeControl "40/5400+30:1800+30"]

1. e4 {[%emt 0:00:00]} e6 {[%emt 0:00:00]} 2. d4 {[%emt 0:00:00]} d5 {[%emt 0:00:00]} 3. exd5 {[%emt 0:01:03]} exd5 {[%emt 0:00:00]} 4. Bd3 {[%emt 0:00:04]} Nc6 {[%emt 0:00:00]} 5. c3 {[%emt 0:00:22]} Bd6 6. Ne2 {[%emt 0:01:19]} Nge7 {[%emt 0:00:19]} 7. Bf4 {[%emt 0:01:20]} Bg4 {[%emt 0:00:37]} 8. Qd2 {[%emt 0:04:13]} Ng6 {[%emt 0:02:02]} 9. Bxd6 {[%emt 0:06:09]} Qxd6 {[%emt 0:00:03]} 10. Qe3+ {[%emt 0:00:22]} Nce7 {[%emt 0:00:13]} 11. f3 {[%emt 0:04:20]} Bd7 {[%emt 0:00:29]} 12. Nd2 {[%emt 0:00:54]} O-O-O {[%emt 0:02:01]} 13. O-O-O {[%emt 0:00:26]} Rhe8 {[%emt 0:00:05]} 14. Qf2 {[%emt 0:14:07]} Bf5 {[%emt 0:00:09]} 15. Nb3 Bxd3 {[%emt 0:05:42]} 16. Rxd3 {[%emt 0:12:55]} h5 {[%emt 0:00:31]} 17. g3 {[%emt 0:08:18]} Nf5 {[%emt 0:00:50]} 18. Re1 {[%emt 0:01:23]} Re7 {[%emt 0:00:52]} 19. Na1 {[%emt 0:01:16]} Qa6 20. Kc2 {[%emt 0:03:58]} Rde8 {[%emt 0:00:26]} 21. Kd2 {[%emt 0:02:17]} Ne3 22. Rxe3 {[%emt 0:04:49]} Rxe3 {[%emt 0:01:14]} 23. Qxe3 {[%emt 0:00:14]} Rxe3 {[%emt 0:00:05]} 24. Kxe3 {[%emt 0:32:11]} Qa5 {[%emt 1:26:22]} 25. a3 Qxa3 {[%emt 0:00:00]} 26. Nc2 {[%emt 0:00:00]} Qxb2 {[%emt 0:00:00]} 27. Nb4 {[%emt 0:00:00]} a5 {[%emt 0:00:00]} 28. Nd3 {[%emt 0:00:00]} Qa3 {[%emt 0:00:00]} 29. Kd2 {[%emt 0:00:00]} Qa2+ {[%emt 0:00:00]} 30. Kd1 {[%emt 0:00:00]} b6 {[%emt 0:00:00]} 31. h4 {[%emt 0:00:00]} a4 {[%emt 0:00:00]} 32. Nec1 {[%emt 0:00:00]} Qg2 {[%emt 0:00:00]} 0-1

[Event "12th KIIT International 2019"]
[Site "Odisha"]
[Date "2019.05.31"]
[Round "1"]
[White "Pawar, Harshit"]
[Black "Das, Sayantan"]
[Result "0-1"]
[WhiteElo "1789"]
[BlackElo "2416"]
[Annotator "ChessBase"]
[PlyCount "79"]
[EventDate "2019.05.31"]
[EventType "swiss"]
[EventCountry "IND"]
[SourceTitle "playchess.com"]
[Source "ChessBase"]
[SourceQuality "1"]
[TimeControl "40/5400+30:1800+30"]

1. e4 {[%emt 0:00:00]} c5 {[%emt 0:00:11]} 2. Nc3 {[%emt 0:00:00]} d6 {[%emt 0:00:47]} 3. f4 {[%emt 0:01:14]} Nc6 {[%emt 0:00:11]} 4. Nf3 {[%emt 0:00:16]} g6 {[%emt 0:00:16]} 5. Bc4 {[%emt 0:01:11]} Bg7 {[%emt 0:01:04]} 6. d3 {[%emt 0:01:16]} e6 {[%emt 0:04:38]} 7. O-O {[%emt 0:00:07]} Nge7 {[%emt 0:00:13]} 8. Qe1 {[%emt 0:00:06]} O-O {[%emt 0:02:22]} 9. f5 {[%emt 0:00:07]} d5 {[%emt 0:12:21]} 10. Bb3 {[%emt 0:00:07]} c4 {[%emt 0:05:38]} 11. dxc4 {[%emt 0:00:12]} d4 {[%emt 0:00:24]} 12. f6 {[%emt 0:01:40]} Bxf6 {[%emt 0:05:37]} 13. e5 {[%emt 0:01:23]} Bg7 {[%emt 0:04:03]} 14. Ne4 {[%emt 0:01:19]} Nxe5 {[%emt 0:03:53]} 15. Nxe5 {[%emt 0:03:05]} Bxe5 {[%emt 0:00:07]} 16. Bh6 {[%emt 0:01:51]} Nf5 {[%emt 0:04:23]} 17. Bxf8 {[%emt 0:02:18]} Qxf8 {[%emt 0:00:13]} 18. Ng5 {[%emt 0:09:30]} Bc7 {[%emt 0:07:43]} 19. Rxf5 {[%emt 0:01:31]} gxf5 {[%emt 0:00:26]} 20. Qh4 {[%emt 0:02:22]} Qg7 {[%emt 0:04:09]} 21. Nf3 {[%emt 0:00:12]} Bd7 {[%emt 0:02:53]} 22. Kh1 {[%emt 0:04:17]} Bb6 {[%emt 0:04:40]} 23. Qe7 {[%emt 0:01:58]} Bc6 {[%emt 0:01:20]} 24. c5 {[%emt 0:00:11]} Bd8 {[%emt 0:00:59]} 25. Qd6 {[%emt 0:01:58]} Bf6 {[%emt 0:01:00]} 26. Bc4 {[%emt 0:06:06]} Kh8 {[%emt 0:02:05]} 27. Qf4 {[%emt 0:01:40]} Rg8 {[%emt 0:00:50]} 28. Rg1 {[%emt 0:00:06]} Qg4 {[%emt 0:05:33]} 29. Qxg4 {[%emt 0:02:20]} fxg4 {[%emt 0:00:07]} 30. Nd2 {[%emt 0:00:06]} Rg5 {[%emt 0:00:33]} 31. b4 {[%emt 0:01:12]} Rh5 {[%emt 0:01:22]} 32. Re1 {[%emt 0:01:39]} a6 {[%emt 0:02:56]} 33. Kg1 {[%emt 0:02:52]} Kg7 {[%emt 0:03:42]} 34. Bd3 {[%emt 0:00:35]} Be5 {[%emt 0:00:46]} 35. g3 {[%emt 0:01:36]} Bxg3 {[%emt 0:01:29]} 36. Re2 {[%emt 0:03:10]} Bf4 {[%emt 0:00:41]} 37. Nf1 {[%emt 0:02:13]} e5 {[%emt 0:01:17]} 38. Be4 Rh3 {[%emt 0:00:30]} 39. Bxc6 bxc6 {[%emt 0:00:30]} 40. Kg2 0-1